[Event "Olympiad-42"]
[Site "Baku"]
[Date "2016.09.10"]
[Round "8.4"]
[White "Yakubboev, Nodirbek"]
[Black "Chimbamu, Elisha"]
[Result "1-0"]
[WhiteElo "2431"]
[BlackElo "2114"]
[PlyCount "65"]
[EventDate "2016.09.02"]
[EventType "team-swiss"]
[EventRounds "11"]
[EventCountry "AZE"]
[SourceTitle "CBM 175"]
[Source "ChessBase"]
[SourceDate "2016.11.10"]
[SourceVersion "1"]
[SourceVersionDate "2016.11.10"]
[SourceQuality "1"]
[WhiteTeam "Uzbekistan"]
[BlackTeam "Zimbabwe"]
[WhiteTeamCountry "UZB"]
[BlackTeamCountry "ZIM"]

1. e4 c5 2. Nc3 Nc6 3. g3 g6 4. Bg2 Bg7 5. d3 e6 6. Be3 d6 7. Qd2 Nd4 8. Nge2 Ne7 9. 0-0 0-0 10. f4 Rb8 11. Bf2 Nec6 12. Nxd4 Nxd4 13. Nd1 b6 14. c3 Nc6 15. Ne3 b5 16. a3 a5 17. a4 b4 18. e5 Bb7 19. Nc4 d5 20. Nd6 Qb6 21. c4 d4 22. b3 Ba8 23. Rae1 Nd8 24. Bxa8 Rxa8 25. Ne4 Nc6 26. g4 h6 27. Bh4 Ra7 28. Nf6+ Bxf6 29. Bxf6 Kh7 30. Rf3 Ne7 31. Rh3 Ng8 32. Qf2 Raa8 33. Qh4 1-0